|
|
|
|
| LEADER |
00000naa0a2200000 4500 |
| 001 |
593941 |
| 005 |
20250610142707.0 |
| 035 |
|
|
|a (RuTPU)RU\TPU\tpu\7946
|
| 090 |
|
|
|a 593941
|
| 100 |
|
|
|a 20020118d1971 k||y0rusy50 ca
|
| 101 |
0 |
|
|a rus
|
| 102 |
|
|
|a RU
|
| 200 |
1 |
|
|a Моделирование дефектов сварного шва в сосудах пластиной с концентратором в зоне шва и определение напряженно-деформированного состояния в опасном сечении
|f А. С. Соляник, Б. П. Чебаевский
|
| 320 |
|
|
|a Библиогр.: 2 назв.
|
| 463 |
|
|
|t Технический пргресс в машиностроении
|o доклады III научно-технической конференции
|v С. 141-146
|d 1971
|
| 610 |
1 |
|
|a сварной шов
|
| 610 |
1 |
|
|a концентраторы
|
| 610 |
1 |
|
|a напряженно-деформированное состояние
|
| 610 |
1 |
|
|a труды учёных ТПУ
|
| 700 |
|
1 |
|a Соляник
|b А. С.
|
| 701 |
|
1 |
|a Чебаевский
|b Б. П.
|
| 801 |
|
0 |
|a RU
|b 63413507
|c 20020118
|g PSBO
|
| 801 |
|
2 |
|a RU
|b 63413507
|c 20090910
|g RCR
|
| 850 |
|
|
|a 63413507
|
| 942 |
|
|
|c BK
|